Shim6 assisted mobility scheme (SAMS) (Record no. 12267)
[ view plain ]
| 000 -LEADER | |
|---|---|
| fixed length control field | 00502nam a2200145 4500 |
| 082 ## - DEWEY DECIMAL CLASSIFICATION NUMBER | |
| Classification number | MS-CCS-4 MUH |
| 100 ## - MAIN ENTRY--PERSONAL NAME | |
| Personal name | Muhammad Mudassir Feroz |
| 9 (RLIN) | 100089 |
| 245 ## - TITLE STATEMENT | |
| Title | Shim6 assisted mobility scheme (SAMS) |
| 260 ## - PUBLICATION, DISTRIBUTION, ETC. | |
| Place of publication, distribution, etc. | Islamabad |
| Name of publisher, distributor, etc. | Nust School of Electrical Engineering and Computer Science |
| Date of publication, distribution, etc. | 2013 |
| 300 ## - PHYSICAL DESCRIPTION | |
| Extent | 52 p |
| Accompanying material | CD-ROM |
| 500 ## - GENERAL NOTE | |
| General note | Supervisor:Dr.Adnan Khalid Kiani |
| 700 ## - ADDED ENTRY--PERSONAL NAME | |
| Personal name | Muhammad Mudassir Feroz |
| 9 (RLIN) | 100089 |
| 856 ## - ELECTRONIC LOCATION AND ACCESS | |
| Uniform Resource Identifier | <a href="http://10.250.8.41:8080/xmlui/handle/123456789/10585">http://10.250.8.41:8080/xmlui/handle/123456789/10585</a> |
| 942 ## - ADDED ENTRY ELEMENTS (KOHA) | |
| Koha item type | Project Report |
| Source of classification or shelving scheme | |
| Withdrawn status | Lost status | Damaged status | Not for loan | Collection code | Permanent Location | Current Location | Shelving location | Date acquired | Total Checkouts | Full call number | Barcode | Date last seen | Price effective from | Koha item type |
|---|---|---|---|---|---|---|---|---|---|---|---|---|---|---|
| Central Library (CL) | Central Library (CL) | General Stacks | 12/19/2013 | MS-CCS-4 MUH | SEECSP01298 | 12/19/2013 | 12/19/2013 | Project Report |
